000 00618nam a2200241 i 4500
001 C2-0342494
003 PPAK
005 20180728143845.0
008 170802s1997 nyu |||| ||||| | eng d
020 _a0446606235
040 _aPPAK
_beng
_cPPAK
_erda
082 0 4 _a823
_223
090 0 0 _a823
_bJON
_dG
100 1 _aJones, J.V.,
_eauthor
245 1 4 _aThe barbed coil
264 1 _aNew York :
_bWarner Books, Inc. ,
_c1997
300 _a667 pages ;
_c17 cm
336 _2rdacontent
_atext
337 _2rdamedia
_aunmediated
338 _2rdacarrier
_avolume
650 1 0 _aEnglish fiction.
942 _ddc
_cB
999 _c139401
_d139401